The Conditional Quantile Exceedance Probability of Three Dimensional Joint Distribution Generated by Survival Clayton Copula
Prezentovanie podmieneného prekročenia kvantilov pravdepodobnosti, ako vhodnej miery závislosti pri modelovaní koncovej závislosti medzi rizikami v poistení.
Gespeichert in:
| 1. Verfasser: | |
|---|---|
| Format: | Buchkapitel |
| Sprache: | Slowakisch |
| Schlagworte: | |
| Tags: |
Keine Tags, Fügen Sie das erste Tag hinzu!
|
MARC
| LEADER | 00000naa$a2200000$$$4500 | ||
|---|---|---|---|
| 001 | 0305585 | ||
| 005 | 20241211183140.9 | ||
| 041 | 0 | |a slo | |
| 044 | |a SK | ||
| 245 | 1 | 0 | |a The Conditional Quantile Exceedance Probability of Three Dimensional Joint Distribution Generated by Survival Clayton Copula |c Vladimír Mucha |
| 520 | |a Prezentovanie podmieneného prekročenia kvantilov pravdepodobnosti, ako vhodnej miery závislosti pri modelovaní koncovej závislosti medzi rizikami v poistení. | ||
| 610 | 2 | 0 | |a modely |
| 610 | 2 | 0 | |a modelovanie |
| 610 | 2 | 0 | |a pravdepodobnosť |
| 610 | 2 | 0 | |a rozdelenie pravdepodobnosti |
| 610 | 2 | 0 | |a riziko |
| 610 | 2 | 0 | |a poistenie |
| 100 | 1 | |a Mucha, Vladimír, 1976- | |